[Event "15th Reykjavik op"]
[Site "Reykjavik ISL"]
[Date "1992.??.??"]
[Round "11"]
[White "Hjartarson, Johann"]
[Black "Sirovs, Aleksejs"]
[WhiteElo "2580"]
[BlackElo "2655"]
[Result "0-1"]
[EventDate "1992.03.01"]
[PlyCount "80"]

1.d4 {Hjartarson} 1...Nf6 2.c4 g6 3.Nc3 Bg7 4.e4 d6 5.Nf3 O-O 6.Be2 e5 7.
O-O Nc6 8.d5 Ne7 9.Ne1 Nd7 10.Nd3 f5 11.Bd2 Kh8 12.f3 f4 13.Rc1 h5 ( 13...
g5 {Hjartarson} 14.b4 Nf6 15.c5 h5 {see game} ( 15...c6 16.dxc6 Nxc6 17.
Nb5 dxc5 18.bxc5 g4 19.Bc3 $14 {Neverov-Kuzmin, Moskva II 1989} ) ( 15...
Neg8 16.cxd6 cxd6 17.Nb5 Ne8 18.a4 h5 19.Nf2 Nh6 20.h3 Rg8 21.Rc3 $14 {
Cebalo-Cvitan, Jugoslavia 1986} ) ) 14.b4 g5 15.c5 Nf6 16.Nb5 Ne8 17.Qc2 
$5 $146 Bd7 $8 ( 17...a6 $2 18.cxd6 cxd6 19.Nc7 $16 ) ( 17...g4 {
Hjartarson} 18.cxd6 cxd6 19.Nc7 gxf3 20.Bxf3 $16 ) 18.Nf2 a6 ( 18...Ng8 
$142 $1 {Besser} 19.c6 $5 ( 19.a4 {Hjartarson} 19...Nh6 20.h3 $14 ) 19...
bxc6 20.dxc6 Be6 $1 ( 20...Bc8 21.Nc3 $14 ) 21.Bc4 ( 21.Nc3 Nef6 ) 21...
Bc8 $1 {i 22...g4i} ) 19.Na3 b5 ( 19...Ng8 $142 {Besser} 20.Nc4 {i 
i a5} 20...b6 $1 21.a4 Nh6 22.cxb6 ( 22.a5 $2 b5 ) 22...cxb6 23.a5 b5 24.
Nb6 Ra7 $13 ) 20.cxb6 cxb6 21.Nc4 $2 ( 21.b5 $1 axb5 ( 21...a5 $6 22.Qb2 {
i i c6!, i c4 i} ( 22.Qb3 Nf6 23.Rc6 $1 Nxc6 24.bxc6 Bc8 25.Rb1 $16 
) ) 22.Nxb5 Ng8 23.Qb3 ( 23.Bb4 {Hjartarson} 23...Rf6 24.Qb3 Rg6 25.h3 Nh6
26.Rc3 $14 g4 27.fxg4 hxg4 28.Nxg4 Nxg4 29.hxg4 Bxg4 30.Bxg4 Rxg4 31.Rh3+ 
Kg8 32.Qf3 $14 ) 23...Nh6 24.h3 Rg8 25.Rc3 ( 25.Bb4 Bf8 26.Rc2 g4 $2 ( 
26...Be7 $1 $13 ) 27.fxg4 hxg4 28.Nxg4 Nxg4 29.Bxg4 Bxg4 30.hxg4 Rxg4 31.
Rfc1 $16 ) 25...Bf6 $1 $13 26.Re1 g4 27.fxg4 Bh4 $1 $132 ) 21...Rc8 $1 22.
Qd1 $6 ( 22.Qb3 $142 {Besser} 22...b5 23.Na5 Rxc1 ( 23...Qb6 $1 24.Rxc8 
Bxc8 25.Kh1 Nf6 26.Nd3 g4 27.Be1 Ng6 $17 ) 24.Rxc1 Qb6 25.Kf1 ( 25.h3 {
Hjartarson} 25...Nf6 26.Kf1 $15 ) 25...Nf6 26.h3 $1 $15 Neg8 27.Be1 Nh6 
28.Nd3 g4 29.Bf2 Qd8 30.Nc6 Qe8 31.h4 $1 $13 ) 22...b5 23.Na5 Rxc1 24.Qxc1
Qb6 $17 25.Kh1 Nf6 26.Nd3 ( 26.h3 $5 {Hjartarson} 26...h4 27.Kg1 Nh5 $17 )
26...Rc8 27.Qd1 ( 27.Qb1 $142 {Besser} 27...g4 28.Rc1 Rxc1+ ( 28...Nxe4 $1
29.fxe4 Qd4 30.Rxc8+ Bxc8 $17 ) 29.Qxc1 h4 30.Be1 h3 31.gxh3 gxf3 32.Bxf3 
$17 ) 27...g4 28.Be1 Ng6 29.Bf2 Qc7 {i 30...i c2-+} 30.Nc6 h4 $1 {i 
31...g3 32.ig1 h3 -+} 31.fxg4 Nxe4 $19 32.Be1 Ng5 33.Na5 Qc2 34.Nc6 Qxa2
35.Nc1 Qa3 36.Nb3 h3 $5 37.gxh3 Rxc6 38.h4 ( 38.dxc6 {Hjartarson} 38...
Bxc6+ 39.Kg1 Nxh3# ) 38...Qb2 $1 39.Bd3 ( 39.hxg5 Rc2 $19 ) 39...e4 40.Rf2
( 40.hxg5 {Hjartarson} 40...exd3 $19 ) 40...Qe5 ( 40...Qe5 41.dxc6 Bxc6 
42.hxg5 exd3+ 43.Rg2 Qd5 ) 0-1

[Event "15th Reykjavik op"]
[Site "Reykjavik ISL"]
[Date "1992.??.??"]
[Round "11"]
[White "Olafsson, Helgi"]
[Black "Kotronias, Vasilios"]
[WhiteElo "2525"]
[BlackElo "2560"]
[Result "1/2-1/2"]
[EventDate "1992.03.01"]
[PlyCount "58"]

1.d4 Nf6 2.c4 g6 3.Nc3 Bg7 4.e4 d6 5.Bd3 O-O 6.Nge2 Nc6 7.O-O e5 8.d5 Nd4 
9.Nxd4 exd4 10.Nb5 Re8 11.Re1 Bg4 12.Qc2 a6 13.Nxd4 Nxe4 14.Nb3 Nc5 15.
Rxe8+ Qxe8 16.Nxc5 Qe1+ 17.Bf1 dxc5 18.Qd2 Re8 19.h3 Bf5 20.a4 a5 21.Ra3 
b6 22.g4 Bd7 23.Qc2 f5 24.g5 Re4 25.Bd2 Re2 26.Bxe1 Rxc2 27.Re3 Kf7 28.b3 
Bd4 29.Re2 Rxe2 1/2-1/2

[Event "15th Reykjavik op"]
[Site "Reykjavik ISL"]
[Date "1992.??.??"]
[Round "11"]
[White "Stefansson, Hannes Hlifar"]
[Black "Thorhallsson, Throestur"]
[WhiteElo "2455"]
[BlackElo "2445"]
[Result "0-1"]
[EventDate "1992.03.01"]
[PlyCount "92"]

1.e4 c5 2.Nf3 Nc6 3.d4 cxd4 4.Nxd4 Nf6 5.Nc3 e5 6.Ndb5 d6 7.Bg5 a6 8.Na3 
b5 9.Nd5 Qa5+ 10.Bd2 Qd8 11.c4 b4 12.Nxf6+ Qxf6 13.Nc2 Qg6 14.Qf3 Rb8 15.
Bd3 Be7 16.Ne3 Bg5 17.Qg3 O-O 18.O-O Be6 19.Rfc1 Rfd8 20.Bf1 a5 21.b3 Kf8 
22.h4 Bh6 23.Qxg6 hxg6 24.c5 dxc5 25.Be1 c4 26.Bxc4 Nd4 27.Kf1 Bxe3 28.
fxe3 Bxc4+ 29.Rxc4 Nb5 30.Rc5 f6 31.Rac1 Ke7 32.Ke2 Rd7 33.g4 Rbb7 34.g5 
Ke6 35.Kf3 Rbc7 36.Kg4 Rxc5 37.Rxc5 Rb7 38.h5 gxh5+ 39.Kxh5 Kf7 40.Rd5 Ke6
41.Kg6 Nd6 42.gxf6 gxf6 43.Rxa5 Nxe4 44.Ra6+ Nd6 45.Ra4 Nf5 46.e4 Rg7+ 0-1

[Event "15th Reykjavik op"]
[Site "Reykjavik ISL"]
[Date "1992.??.??"]
[Round "11"]
[White "Thorsteins, Karl"]
[Black "Plaskett, Harold James"]
[WhiteElo "2485"]
[BlackElo "2455"]
[Result "0-1"]
[EventDate "1992.03.01"]
[PlyCount "134"]

1.c4 e5 2.Nc3 Bb4 3.Nd5 Nc6 4.e3 Nf6 5.Qc2 O-O 6.Bd3 g6 7.a3 Be7 8.b4 d6 
9.Bb2 Be6 10.Nxe7+ Qxe7 11.Ne2 Nd7 12.Be4 a5 13.d4 exd4 14.Bxc6 bxc6 15.
Nxd4 Ne5 16.O-O axb4 17.axb4 Nxc4 18.Nxc6 Qd7 19.b5 Nxb2 20.Qxb2 Bd5 21.
Nd4 Qe7 22.Qc3 Rfe8 23.Rxa8 Rxa8 24.Re1 Ra4 25.Ne2 Bc4 26.Qc2 Bxb5 27.Nc3 
Rc4 28.Qb2 Bc6 29.Ne2 h5 30.Ra1 Kh7 31.Nf4 Qg5 32.g3 Qe5 33.Qxe5 dxe5 34.
Nd3 f6 35.Nb2 Rc2 36.Nd3 Kg7 37.Nb4 Rc4 38.Nxc6 Rxc6 39.Kf1 Rc2 40.h4 Kf7 
41.Ra6 c6 42.Kg2 Ke6 43.Kf3 Rc3 44.Ra7 Kf5 45.Rc7 c5 46.Rc6 c4 47.Kg2 Rc1 
48.e4+ Kxe4 49.Rxf6 Rd1 50.Rxg6 Rd4 51.g4 Kd5 52.gxh5 Rxh4 53.Kf3 Rxh5 54.
Ke3 Rh3+ 55.f3 c3 56.Rg8 Kc4 57.Rc8+ Kb3 58.Rb8+ Kc2 59.Rc8 Rh2 60.Rc5 Kb3
61.Rb5+ Kc4 62.Rb8 Rh4 63.Re8 Rd4 64.Ke2 c2 65.Rc8+ Kb3 66.Rb8+ Kc3 67.
Rc8+ Rc4 0-1